| 000 | 00668nam a2200205 a 4500 | ||
|---|---|---|---|
| 005 | 20240426063904.0 | ||
| 008 | 991125 1992 bar 000 0 spa u | ||
| 020 | _a8432986305 | ||
| 035 | _aUPN01000009044 | ||
| 049 | _aCG | ||
| 050 | 4 |
_aPN4129 _bZ8.2 |
|
| 100 | 1 | _aZuccherini, Renzo | |
| 245 | 1 | 0 |
_aCómo educar la comunicación oral / _cRenzo Zuccherini. |
| 260 |
_aBarcelona, Esp. : _bCEAC, _c1992. |
||
| 300 | _a130 p. | ||
| 440 | 0 |
_aEducación y enseñanza. _pAula práctica |
|
| 500 | _a"La escuela y el lenguaje. Hablar y escuchar el pensamiento. La palabra, el gesto. La memoria y las motivaciones" | ||
| 650 | 4 |
_aComunicación oral _93602 |
|
| 905 | _aLibro | ||
| 999 |
_c9044 _d9044 |
||